000 00634nam a2200193Ii 4500
003 JO-AjNU
008 230605s9999||||xx |||||||||||||| ||und||
040 _aJO-AjNU
_bara
_erda
_cJO-AjNU
041 _aara
050 1 4 _aRD97 1996
100 3 _aتاليف النماس ، احمد فايز ,
_eauthor
_918250
245 0 0 _aالاصابات الرياضية وعلاجها
264 3 1 _aالاسكندرية :مطبعة الاشعاع ،1996
300 _a346ص
336 _atext
_btxt
_2rdacontent
337 _aunmediated
_bn
_2rdamedia
338 _avolume
_bnc
_2rdacarrier
650 4 _aالاصابات الرياضية
_918251
999 _aA5800
_c9368
_d9368